| 000 | 00980nas a2200337 4500 | ||
|---|---|---|---|
| 001 | BR0405117 | ||
| 003 | BR-BrBNA | ||
| 005 | 20231205104944.0 | ||
| 007 | ta | ||
| 008 | 230509b bl.|||p| |||| 00| 00por d | ||
| 040 |
_aBR-BrBNA _bpor _cBiblioteca Nacional de Agricultura |
||
| 041 | _a(Pt) | ||
| 072 | _aL73 | ||
| 100 | 1 | _aOliveira, A. de | |
| 100 | 1 | _aFonseca, A.H. | |
| 100 | 1 | _aIshikawa, M.M. | |
| 100 | 1 | _aYoshinari, N.H. | |
| 245 | 1 | _aCinética do crescimento de Borrelia burgdorferi (Spirochaetaceae)em diferentes meios de cultivo | |
| 650 | _aBACTÉRIA | ||
| 650 | _aDOENÇA ANIMAL | ||
| 650 | _aMEIO DE CULTURA | ||
| 650 | _aZOONOSE | ||
| 650 | _aINOCULAÇÃO | ||
| 650 | _aSORO | ||
| 650 | _aSUÍNO | ||
| 650 | _aCOELHO | ||
| 650 | _aCONTROLE BIOLÓGICO | ||
| 773 | 0 |
_tPesquisa Veterinária Brasileira (Brazil) _xISSN 0100-736X _g(Apr-Jun 2004), v. 24(2) p. 61-64 _wBR0405117 |
|
| 909 |
_a202311 _bLúcia _c55 _dLúcia Elande |
||
| 942 |
_2AGRIS _n0 _cANA |
||
| 999 |
_c180480 _d180480 |
||